000 00646nam a2200217Ia 4500
008 160517s9999 xx 000 0 und d
050 _aQA 76.9.S88
050 _b.T649 2016
100 _aTolentino, Laurence Juliene O.
245 _aExam maker and evaluator system for the faculty of information technology /
245 _cLaurence Juliene O. Tolentino.
260 _aLas PiƱas, Philippines :
260 _bSISC,
260 _c2016.
300 _a83 pages :
300 _billustrations ;
300 _c28 cm.
500 _aIncludes bibliographical references and appendices.
521 _aInformation Technology
942 _cTH
999 _c293957
_d293957